000
00303nam a22001337a 4500
003
NUST
022
_a
0007183844
082
_a
004,DIS
245
_a
Collins Thesaurus A-Z :
_b
Discovery /
260
_a
Collins
_b
UK
_c
2005
300
_a
viii, 830 p
650
_a
Thesaurus A-Z
_9
102536
942
_2
ddc
_c
BK
999
_c
592284
_d
592284